Take charge of services (Record no. 73842)

MARC details
000 -LEADER
fixed length control field 01585cam a2200301 4500
001 - CONTROL NUMBER
control field ABS67269
008 - FIXED-LENGTH DATA ELEMENTS--GENERAL INFORMATION
fixed length control field 031124n2003 000 0 eng u
035 ## - SYSTEM CONTROL NUMBER
System control number (Sirsi) u124447
100 ## - MAIN ENTRY--PERSONAL NAME
Personal name Driscoll, J.
245 ## - TITLE STATEMENT
Title Take charge of services
260 ## - PUBLICATION, DISTRIBUTION, ETC.
Date of publication, distribution, etc. 2003
490 ## - SERIES STATEMENT
Series statement Estates Gazette
Volume/sequential designation (0344) 1 November 2003, 160-167(3)
520 ## - SUMMARY, ETC.
Summary, etc. Investigates service charge consultations under the Commonhold and Leasehold Reform Act 2002. The new rules came into effect on 31 October 2003. Discusses the amendments to the definition of a service charge, the replacement of present service charge consultations with a more elaborate set of rules, leaseholders' ability to challenge administrative charges and the jurisdiction of the Leasehold Valuation Tribunal including that over the variation of a lease application. Summarises the commencement orders to the Act, the relevant regulations relating to service charge consultations and leasehold valuation tribunals and the leasehold management provisions of the Act not yet put into effect.
590 ## - LOCAL NOTE (RLIN)
Local note ABS
650 ## - SUBJECT ADDED ENTRY--TOPICAL TERM
Topical term or geographic name entry element LANDLORD AND TENANT ACT 1985 S20
650 ## - SUBJECT ADDED ENTRY--TOPICAL TERM
Topical term or geographic name entry element HOUSING ACT 1985
650 ## - SUBJECT ADDED ENTRY--TOPICAL TERM
Topical term or geographic name entry element LONG-TERM LEASES
650 ## - SUBJECT ADDED ENTRY--TOPICAL TERM
Topical term or geographic name entry element LANDLORD AND TENANT ACT 1987 SS47-48
650 ## - SUBJECT ADDED ENTRY--TOPICAL TERM
Topical term or geographic name entry element R V LONDON LVT EX P DAEJAN PROPERTIES LTD
650 ## - SUBJECT ADDED ENTRY--TOPICAL TERM
Topical term or geographic name entry element LEASEHOLD VALUATION TRIBUNALS
650 ## - SUBJECT ADDED ENTRY--TOPICAL TERM
Topical term or geographic name entry element LEASE VARIATIONS
650 ## - SUBJECT ADDED ENTRY--TOPICAL TERM
Topical term or geographic name entry element SERVICE CHARGE DISPUTES
650 ## - SUBJECT ADDED ENTRY--TOPICAL TERM
Topical term or geographic name entry element SERVICE CHARGES
650 ## - SUBJECT ADDED ENTRY--TOPICAL TERM
Topical term or geographic name entry element MAJOR WORKS
650 ## - SUBJECT ADDED ENTRY--TOPICAL TERM
Topical term or geographic name entry element COMMONHOLD AND LEASEHOLD REFORM ACT 2002
690 ## - LOCAL SUBJECT ADDED ENTRY--TOPICAL TERM (OCLC, RLIN)
Topical term or geographic name as entry element LANDLORD AND TENANT-LEASEHOLD REFORM
942 ## - ADDED ENTRY ELEMENTS (KOHA)
Suppress in OPAC 0
Holdings
Withdrawn status Lost status Source of classification or shelving scheme Damaged status Not for loan Home library Current library Shelving location Date acquired Total Checkouts Full call number Barcode Date last seen Copy number Price effective from Koha item type
    Dewey Decimal Classification     London London Journal article 24/11/2003   ABS67269 124447-1001 06/08/2019 1 06/08/2019 Journal article